000 00533nam a2200193Ia 4500
005 20260120124619.0
008 008 260114s9999 xx 000 0 eng d
020 _a9780080453217
037 _aEBOOK
040 _aCRL
_beng
_cCRL
041 _aeng
_2eng
084 _qCRL
100 _aPeter Johnson
_9908404
245 0 _aAstute Competition
260 _bEmerald Publishing
_c2006
856 _uhttps://www.emerald.com/insight/publication/doi/10.1108/S1479-067X(2006)11
942 _cEBOOK
999 _c1500298
_d1500298